| 000 -CABECERA |
| campo de control de longitud fija |
00651nam a2200217 a 4500 |
| 001 - NÚMERO DE CONTROL |
| campo de control |
000004604 |
| 005 - FECHA Y HORA DE LA ÚLTIMA TRANSACCIÓN |
| campo de control |
20200120221823.0 |
| 008 - DATOS DE LONGITUD FIJA--INFORMACIÓN GENERAL |
| campo de control de longitud fija |
990303s1991 cola gr0 0 000 d |
| 090 ## - LOCALMENTE ASIGNADO TIPO-LC NÚMERO DE CLASIFICACIÓN (OCLC); NÚMERO DE CLASIFICACIÓN LOCAL (RLIN) |
| Número de clasificación (OCLC) (R) ; Numero de clasificación, CALL (RLIN) (NR) |
N |
| Número cutter local (OCLC) ; Número de libro/Signatura topográfica íntegra, CALL (RLIN) |
SANJE |
| 100 0# - ENTRADA PRINCIPAL--NOMBRE DE PERSONA |
| Nombre de persona |
Sanjuan, Emilio |
| 245 10 - MENCIÓN DE TÍTULO |
| Título |
Carlos Baza " Calabaza" / |
| Mención de responsabilidad, etc. |
Emilio Sanjuan; ilustraciones de María Luisa Torcida. |
| 260 ## - PUBLICACIÓN, DISTRIBUCIÓN, ETC. |
| Lugar de publicación, distribución, etc. |
Medellín : |
| Nombre del editor, distribuidor, etc. |
Ediciones, |
| Fecha de publicación, distribución, etc. |
1991. |
| 300 ## - DESCRIPCIÓN FÍSICA |
| Extensión |
162p. : il. |
| 490 #0 - MENCIÓN DE SERIE |
| Mención de serie |
Colección novela de vacaciones Edilux; No. 5 |
| 650 14 - PUNTO DE ACCESO ADICIONAL DE MATERIA--TÉRMINO DE MATERIA |
| Término de materia o nombre geográfico como elemento de entrada |
LITERATURA INFANTIL |
| 650 14 - PUNTO DE ACCESO ADICIONAL DE MATERIA--TÉRMINO DE MATERIA |
| Término de materia o nombre geográfico como elemento de entrada |
NOVELA INFANTIL |
| 650 14 - PUNTO DE ACCESO ADICIONAL DE MATERIA--TÉRMINO DE MATERIA |
| Término de materia o nombre geográfico como elemento de entrada |
GENIOS |
| 650 14 - PUNTO DE ACCESO ADICIONAL DE MATERIA--TÉRMINO DE MATERIA |
| Término de materia o nombre geográfico como elemento de entrada |
LITERATURA ESPAÑOLA |
| 650 14 - PUNTO DE ACCESO ADICIONAL DE MATERIA--TÉRMINO DE MATERIA |
| Término de materia o nombre geográfico como elemento de entrada |
NOVELA ESPAÑOLA |
| 700 1# - PUNTO DE ACCESO ADICIONAL--NOMBRE DE PERSONA |
| Nombre de persona |
Torcida, María Luisa, il. |